College Quizbowl Stats
College Quizbowl Stats
Circuits
Seasons
Sets
Records
Detailed Stats
About
Loading...
2024 ACF Winter at Brandeis
Tossups
Bonuses
Players
Teams
Categories (Tossup)
Categories (Bonus)
Peter
Yale B
Categories
Category
Powers
Gets
Negs
BBs
Points
Earliest Buzz
Avg. Buzz
First Buzzes
Top 3 Buzzes
BPA
PVF
Religion
0
1
0
0
10
51
51.00
0
1
0.00
0.00
Science - Biology
0
1
0
0
10
80
80.00
0
0
0.00
0.00
Science - Physics
0
1
0
0
10
67
67.00
0
1
0.00
0.00
Social Science
0
0
0
0
0
0.00
0
0
0.00
0.00
Buzzes
Category
Answer
Value
Buzz Position
Religion
Sukkot
10
51
Science - Physics
heat capacity
10
67
Science - Biology
tuberculosis
10
80
Social Science
Alfred Adler
0
110
Previous
1
Next